Yandere simulator students - Statistics

General Stats
  • This quiz has been taken 39 times
  • The average score is 37 of 88
Answer Stats
club student % Correct
no club ayano
91%
no club osana
88%
no club taro
88%
occult club oka
78%
drama club kokona
75%
cooking club amai
72%
gaming club midori
69%
drama club kizana
66%
cooking club saki
66%
bullies group hana
63%
bullies group musume
63%
sports club asu
59%
no club raibaru
59%
student council aoi
56%
martial arts club budo
56%
student council megami
56%
gaming club pippi
56%
gaming club gema
53%
no club hanako
53%
delinquent gang osoro
53%
no club horuda
50%
gaming club mai
50%
no club toga
50%
student council akane
47%
art club boru
47%
art club geiju
47%
bullies group kashiko
47%
martial arts club sho
47%
cooking club ajia
44%
photography club beruma
44%
photography club dafuni
44%
no club kyuji
44%
music club miyuji
44%
no club otohiko
44%
drama club riku
44%
gaming club ryuto
44%
delinquent gang umeji
44%
music club dora
41%
music club gita
41%
no club hazu
41%
sports club itachi
41%
gardening club sakura
41%
occult club shin
41%
student council shiromi
41%
cooking club shoku
41%
photography club sukubi
41%
gardening club uekiya
41%
gardening club himari
38%
bullies group hoshiko
38%
music club kiba
38%
occult club kokuma
38%
student council kuroko
38%
martial arts club mina
38%
occult club chojo
34%
occult cluub daku
34%
science club homu
34%
no club inkyu
34%
sports club iruka
34%
cooking club kenko
34%
photography club rojasu
34%
no club sakyu
34%
gardening club sumire
34%
photography club fred
31%
delinquent gang hayanari
31%
science club horo
31%
martial arts club juku
31%
science club kaga
31%
science club meka
31%
cooking club seiyo
31%
drama club tsuruzo
31%
delinquent gang hokuto
28%
sports club mantaro
28%
martial arts club shima
28%
gardening club tsubaki
28%
sports club hojiro
25%
no club kumi
25%
drama club shozo
25%
drama club tokuko
25%
sports club unagi
25%
science club yaku
25%
delinquent gang dairoku
22%
delinquent gang gaku
22%
occult club suzuko
22%
art club eiko
19%
art club enji
16%
art club mana
16%
bullies group koroko
13%
music club beishi
3%
No matching quizzes found
Score Distribution
Percent of People with Each Score
Percentile by Number Answered
Your Score History
You have not taken this quiz